El Señor de los Anillos - Top 20 personajes - Estadísticas

Estadísticas generales
  • Esta prueba ha sido intentada 966 veces
  • La puntuación promedio es 17 de 25
Estadísticas de respuestas
Menciones Personaje % Correcto
2028 Frodo
99%
1158 Gandalf
98%
1341 Samsagaz
98%
340 Legolas
97%
794 Aragorn II
95%
239 Sauron
93%
641 Meriadoc
86%
300 Saruman
85%
746 Peregrin
84%
398 Gimli
82%
379 Bilbo
81%
286 Boromir II
80%
586 Gollum/Smeagol
80%
95 Galadriel
72%
308 Faramir
69%
237 Elrond
66%
248 Théoden
61%
132 Eowyn
51%
248 Eomer
47%
239 Denethor II
35%
151 Bárbol
32%
143 Tom Bombadil
30%
104 Isildur
29%
87 Elendil
16%
106 Cebadilla Mantecona
5%
No se encontraron pruebas coincidentes
Distribución de puntuación
Porcentaje de gente con cada puntuación
Porcentaje por número respondido
Historial de tus puntuaciones
No has intentado esta prueba.